| 000 | 00520nam a2200181Ia 4500 | ||
|---|---|---|---|
| 999 |
_c1797 _d1797 |
||
| 003 | OSt | ||
| 005 | 20200925142946.0 | ||
| 008 | 190216s9999||||xx |||||||||||||| ||und|| | ||
| 020 | _a9788180940774 | ||
| 040 | _coclc | ||
| 082 |
_a570.28503 _bMAN/D |
||
| 100 |
_aManikandakumar, K _95023 |
||
| 245 | 0 |
_aDictionary Of Bioinformatics / _cK Manikandakumar |
|
| 260 |
_bMjp Publishers, _c2009. _aChennai: |
||
| 300 | _a178p | ||
| 650 | _aBotany | ||
| 942 |
_cBK _2ddc _h570.28503 _iMAN/D _k570.28503 _mMAN/D |
||